Culture Générale - Série 2166 - Statistiques

Statistiques générales
  • Ce quiz a été pris 102 fois
  • Le résultat moyen est 6 sur 10
Statistiques - réponses
Question Réponse % Correct
Loi du silence dans les milieux mafieux omerta
82%
Dans quel pays se trouve la ville d'Hammamet ? Tunisie
81%
Quel est l'ancien nom de la Thaïlande ? Siam
77%
Quel reptile est appelé "serpent de verre" ? voir photo orvet
73%
Courte blouse de grosse toile, pour les marins et les pêcheurs - 7 lettres commençant par " v " vareuse
73%
Ville francophone belge connue pour ses eaux thermales et son circuit automobile Spa
66%
Cure à l'eau de mer - 16 lettres thalassothérapie
61%
Arrêter un navire en mer pour contrôler sa cargaison, sa destination, son équipage - 11 lettres commençant par " a " arraisonner
49%
Fines gouttelettes d'eau soulevées par le vent en bord de mer embrun
48%
Dans l'enseignement, comment appelait-on autrefois le proviseur adjoint ? censeur
22%
Aucun quiz correspondant
Distribution des résultats
% des personnes avec chaque résultat
Percentile par nombre de réponses
Votre historique - résultats
Vous n’avez pas pris ce quiz